000 00536nam a2200181Ia 4500
008 090123s9999 xx 000 0 und d
082 _b17216
100 _aदातार सुषमा
245 _aखेळ खेळताना
250 _a1
260 _bमेहता प्रकाशन
_c1989
300 _a20
600 _aदातार सुषमा
630 _aखेळ खेळताना
700 _aदातार सुषमा
730 _aखेळ खेळताना
942 _cBOOK
999 _c55276
_d55276